LEADER 01188cam0-2200409---450 001 990000462870203316 005 20200512105138.0 010 $a88-8358-173-3 035 $a0046287 035 $aUSA010046287 035 $a(ALEPH)000046287USA01 035 $a0046287 100 $a20010522d2001----km-y0itay0103----ba 101 0 $aita 102 $aIT 105 $a||||||||001yy 200 1 $aContro Platone$fKarl R. Popper$gintroduzione di Massimo Baldini 210 $aRoma$cArmando$dcopyr. 2001 215 $a159 p.$d21 cm 225 2 $aPopperiana 410 0$12001$aPopperiana 600 1$aPlatone$2BNCF 676 $a184 700 1$aPOPPER,$bKarl R.$0159114 801 0$aIT$bsalbc$gISBD 912 $a990000462870203316 951 $aII.1.D. 1143(IV A 1510)$b157859 L.M.$cIV A$d00073380 959 $aBK 969 $aUMA 979 $aALESSANDRA$b40$c20010522$lUSA01$h1709 979 $aALESSANDRA$b40$c20010522$lUSA01$h1711 979 $c20020403$lUSA01$h1654 979 $aPATRY$b90$c20040406$lUSA01$h1632 979 $aCOPAT6$b90$c20050530$lUSA01$h1439 979 $aCOPAT6$b90$c20050530$lUSA01$h1439 996 $aContro Platone$9889378 997 $aUNISA LEADER 01954nam 2200577 450 001 9910464305903321 005 20200520144314.0 010 $a80-246-2411-7 035 $a(CKB)3710000000095625 035 $a(EBL)3319621 035 $a(SSID)ssj0001397158 035 $a(PQKBManifestationID)11803174 035 $a(PQKBTitleCode)TC0001397158 035 $a(PQKBWorkID)11415051 035 $a(PQKB)10923351 035 $a(MiAaPQ)EBC3319621 035 $a(Au-PeEL)EBL3319621 035 $a(CaPaEBR)ebr10852852 035 $a(OCoLC)929117389 035 $a(EXLCZ)993710000000095625 100 $a20140410h20132013 uy 0 101 0 $acze 135 $aur|n|---||||| 181 $ctxt 182 $cc 183 $acr 200 10$a"Jeden za vsechny, vsichni za jednoho!" $eBund der Deutschen a jeho pr?edchu?dci v procesu utva?r?eni? "sudetone?mecke? identity" /$fPhDr. Jitka Balcarova?, Ph.D. ; recenzovali, prof. PhDr. Zdene?k Jindra, CSc., doc. PhDr. Jir?i? Sousa, CSc 205 $aVyda?ni? prvni?. 210 1$aPrague, [Czech Republic] :$cKarolinum,$d2013. 210 4$dİ2013 215 $a1 online resource (471 p.) 300 $aDescription based upon print version of record. 311 $a80-246-2234-3 606 $aGermans$zCzech Republic$zSudetenland$xPolitics and government 606 $aNationalism$zGermany$xHistory 607 $aCzechoslovakia$xForeign relations$zGermany 607 $aGermany$xForeign relations$zCzechoslovakia 608 $aElectronic books. 615 0$aGermans$xPolitics and government. 615 0$aNationalism$xHistory. 676 $a943.71 700 $aBalcarova?$b Jitka$0993405 702 $aZdene?k Jindra 702 $aS?ous?a$b Jir?i? 801 0$bMiAaPQ 801 1$bMiAaPQ 801 2$bMiAaPQ 906 $aBOOK 912 $a9910464305903321 996 $a"Jeden za vsechny, vsichni za jednoho!"$92274615 997 $aUNINA